| 000 | 00510nam a2200157Ia 4500 | ||
|---|---|---|---|
| 008 | 230907s9999||||xx |||||||||||||| ||und|| | ||
| 082 |
_a620 _bAFF |
||
| 100 |
_aAffan Rauf (00000317484) _9116663 |
||
| 245 | 0 | _aEnvironmental Life Cycle Assessment of Traditional and Solar Energy Integrated Brick Kilns in Pakistan / | |
| 260 |
_aUSPCAS-E, NUST, _bIslamabad : _c2021 |
||
| 300 | _axii, 91p. | ||
| 520 | _aTH-333 | ||
| 650 | _aMS-TEE Thesis MS Thesis | ||
| 700 |
_aDr Sehar Shakir _9117750 |
||
| 942 |
_cTHE _2ddc |
||
| 999 |
_c602011 _d602011 |
||